Siska - a mi fánkunk!

Bibliographic Details
Main Author: Póda, Erzsébet, 1965- (Author)
Format: Article
Language:Hungarian
PhysicalDescription:Fotografie
ISSN:1336-3638
Subjects:

MARC

LEADER 00000nab a2200000 4500
001 vtls011839161
003 SK-MaSNL
005 20260318140257.0
008 190205|2019 xo |||| || ||00 0|hun
015 |a SNBRB2019/02 
040 |a DSZK  |b slo  |c DSZK  |e rda 
041 |a hun 
043 |a e-xo--- 
044 |a xo  |c SK 
072 7 |a 641  |x Kuchárstvo. Potraviny. Varené jedlá  |2 konspekt 
080 |a 641.85  |2 2011 
100 1 |a Póda, Erzsébet,  |d 1965-  |4 aut  |9 340268 
245 1 0 |a Siska - a mi fánkunk!  |c Póda Erzsébet 
300 |b Fotografie 
336 |a text  |b txt  |2 rdacontent 
337 |a bez média  |b n  |2 rdamedia 
338 |a zväzok  |b nc  |2 rdacarrier 
546 |a Dvojjazyčné vydanie 
600 1 7 |a Csikmák, Mónika  |2 dszk  |9 994909 
650 0 7 |a múčniky  |2 SNKPH  |9 669 
650 0 7 |a šišky  |2 dszk  |9 1107817 
650 0 7 |a pečenie  |2 dszk  |9 275489 
651 7 |a Ohrady (Slovensko)  |2 SNKPHgeo  |9 106891 
773 0 |t Csallóköz  |g Évf. 59, sz. 6 (2019), o. 1, 4-5  |x 1336-3638 
852 |a DSZK  |b KIS3GCP 
958 |a SK 
958 |a HU 
958 |a RG 
999 |c 1823133  |d 1825063